| 000 | 01355nam a22002894a 4500 | ||
|---|---|---|---|
| 005 | 20080729164931.0 | ||
| 008 | 080416s2008 waua 001 0 eng | ||
| 010 | _aENG-91464-65 | ||
| 020 |
_a9788131304921 (set ) _c2195.00(for set of 2 vols.) |
||
| 035 | _aEN-74997-98 | ||
| 037 | _bDBAD / PUB | ||
| 040 |
_aDPL _bEnglish |
||
| 082 | _a363.70071 | ||
| 100 | _aBasu, Saikat Kumar | ||
| 245 |
_aEnvironment education: _cby Saikat Kumar Basu [and] Sudip Datta Banik _bglobal issues and policies / |
||
| 260 |
_aNew Delhi _bAPH Publishing _c2009 |
||
| 270 |
_a4435-36/7, Ansari Road, Daryaganj, _bNew Delhi _e110002 |
||
| 300 |
_a2v. (xxxiii, 266p.; xxxiii, 267-565p.) _c23 cm (Hb) |
||
| 500 | _aIncludes bibliographical references | ||
| 500 | _aIt is a set of 2 vols. and set price is Rs. 2195.00 | ||
| 650 | _aEnvironmental education | ||
| 650 | _aEnvironmental pollution | ||
| 700 | _aBanik, Sudip Datta | ||
| 942 |
_2ddc _cEN _mBAS _h363.70071 |
||
| 999 |
_c17420 _d17420 |
||